[Event "Valencia Autonomico Sur-A"]
[Site "Valencia"]
[Date "2009.01.24"]
[Round "3.4"]
[White "Diez Machin, Vicente"]
[Black "Gutierrez Lanzarote, Alfonso"]
[Result "1/2-1/2"]
[WhiteElo "1995"]
[BlackElo "1949"]
[PlyCount "79"]
[EventDate "2009.01.10"]
[EventType "team-tourn"]
[EventRounds "5"]
[EventCountry "ESP"]
[SourceTitle "EXT 2011"]
[Source "ChessBase"]
[SourceDate "2010.11.26"]
[SourceVersion "1"]
[SourceVersionDate "2010.11.26"]
[SourceQuality "1"]

1. e4 e5 2. Nf3 Nc6 3. Bb5 a6 4. Ba4 Nf6 5. d3 d6 6. c3 Be7 7. Nbd2 0-0 8. Nf1 b5 9. Bb3 d5 10. Qe2 dxe4 11. dxe4 h6 12. Ng3 Be6 13. 0-0 Bc5 14. Bxe6 fxe6 15. b4 Bd6 16. a4 Qb8 17. Qa2 Qe8 18. Qe2 Rb8 19. axb5 axb5 20. Ra6 Kh7 21. Be3 Ng8 22. Qa2 Rf6 23. Ra1 Nge7 24. Qe2 Ng6 25. Nh5 Rf8 26. Ng3 Nf4 27. Bxf4 exf4 28. Nf1 Ne5 29. N1d2 Qh5 30. R6a5 Kh8 31. h3 Kh7 32. Kf1 g5 33. Nxe5 Qxe2+ 34. Kxe2 Bxe5 35. R1a3 Kg6 36. Nf3 Kf6 37. Nd4 Bxd4 38. cxd4 Rfd8 39. Rd3 Rd7 40. Kd2 1/2-1/2